MARC details
| 000 -LEADER |
| fixed length control field |
02890cam a2200385 i 4500 |
| 001 - CONTROL NUMBER |
| control field |
23353189 |
| 003 - CONTROL NUMBER IDENTIFIER |
| control field |
EG-ScBUE |
| 005 - DATE AND TIME OF LATEST TRANSACTION |
| control field |
20250217103347.0 |
| 008 - FIXED-LENGTH DATA ELEMENTS--GENERAL INFORMATION |
| fixed length control field |
231016t2024 nyua f b 001 0 eng d |
| 020 ## - INTERNATIONAL STANDARD BOOK NUMBER |
| International Standard Book Number |
9780071818322 |
| 020 ## - INTERNATIONAL STANDARD BOOK NUMBER |
| Cancelled/invalid ISBN |
0071818324 |
| 040 ## - CATALOGING SOURCE |
| Original cataloging agency |
DNLM/DLC |
| Language of cataloging |
eng |
| Description conventions |
rda |
| Transcribing agency |
DLC |
| Modifying agency |
DLC |
| -- |
EG-ScBUE |
| 082 04 - DEWEY DECIMAL CLASSIFICATION NUMBER |
| Classification number |
615.19 |
| Edition number |
22 |
| Item number |
PAT |
| 100 1# - MAIN ENTRY--PERSONAL NAME |
| Personal name |
Pather, Indiran, |
| Relator term |
author. |
| 245 10 - TITLE STATEMENT |
| Title |
Pharmaceutics for the pharmacy students / |
| Statement of responsibility, etc |
Indiran Pather, DPharm, Chair and Professor Department of Pharmaceutical Sciences College of Pharmacy Howard University, Washington DC. |
| 264 #1 - PUBLICATION, DISTRIBUTION, ETC. (IMPRINT) |
| Place of publication, distribution, etc |
New York : |
| Name of publisher, distributor, etc |
McGraw Hill, |
| Date of publication, distribution, etc |
[2024] |
| 264 #4 - PUBLICATION, DISTRIBUTION, ETC. (IMPRINT) |
| Date of publication, distribution, etc |
c2024 |
| 300 ## - PHYSICAL DESCRIPTION |
| Extent |
ix, 385 pages : |
| Other physical details |
color illustrations ; |
| Dimensions |
28 cm |
| 336 ## - CONTENT TYPE |
| Content type term |
text |
| Content type code |
txt |
| Source |
rdacontent |
| 337 ## - MEDIA TYPE |
| Media type term |
unmediated |
| Media type code |
n |
| Source |
rdamedia |
| 338 ## - CARRIER TYPE |
| Carrier type term |
volume |
| Carrier type code |
nc |
| Source |
rdacarrier |
| 504 ## - BIBLIOGRAPHY, ETC. NOTE |
| Bibliography, etc |
Includes bibliographical references and index. |
| 505 0# - FORMATTED CONTENTS NOTE |
| Formatted contents note |
Dosage forms and routes of drug administration -- Oral route of drug delivery -- Pharmaceutical solutions, dissolution, and diffusion -- Pharmaceutical powders -- Pharmaceutical suspensions -- Emulsions -- Granulation -- Tablets -- Capsules -- Modified-release oral dosage -- Nanotechnology -- Packaging -- Dosage form stability -- Good manufacturing practices -- Introduction to bioavailability -- Introduction to the drug regulatory process -- Buccal and sublingual delivery -- Nasal drug delivery -- Dermal and transdermal drug delivery -- Ophthalmic drug delivery -- Rectal and vaginal drug delivery. |
| 520 ## - SUMMARY, ETC. |
| Summary, etc |
"One aspect of the safe and appropriate utilization of medicines deals with human physiology, pathology, and pharmacology, as the theoretical basis. The other important aspect is a fundamental understanding of what goes into the production of medicines and the patient-centric issues that arise from this process. Pharmacists should understand both aspects to be suitably equipped to advise their patients. In addition, drug delivery concepts should not only be of research importance, since they already affect medicines consumed daily. The pharmacist is handling these products or must offer consultation about them to patients and medical staff, and they are becoming increasingly important. Hence, a fundamental understanding of this topic is also needed. This book is written to encompass these concepts"-- |
| Assigning source |
Provided by publisher. |
| 650 #7 - SUBJECT ADDED ENTRY--TOPICAL TERM |
| Topical term or geographic name as entry element |
Dosage Forms. |
| Source of heading or term |
BUEsh |
| 650 #7 - SUBJECT ADDED ENTRY--TOPICAL TERM |
| Topical term or geographic name as entry element |
Drug Delivery Systems. |
| Source of heading or term |
BUEsh |
| 650 #7 - SUBJECT ADDED ENTRY--TOPICAL TERM |
| Topical term or geographic name as entry element |
Drug Administration Routes. |
| Source of heading or term |
BUEsh |
| 653 ## - INDEX TERM--UNCONTROLLED |
| Arrived date list |
February2025 |
| Resource For college |
Pharmacy |
| 655 ## - INDEX TERM--GENRE/FORM |
| Form subdivision |
Reading book |
| 776 08 - ADDITIONAL PHYSICAL FORM ENTRY |
| Display text |
Online version: |
| Main entry heading |
Pather, Indiran. |
| Title |
Pharmaceutics for the pharmacy students |
| Place, publisher, and date of publication |
New York : McGraw Hill, [2024] |
| International Standard Book Number |
9780071818360 |
| Record control number |
(DLC) 2023048506 |
| 906 ## - LOCAL DATA ELEMENT F, LDF (RLIN) |
| a |
7 |
| b |
cbc |
| c |
orignew |
| d |
1 |
| e |
ecip |
| f |
20 |
| g |
y-gencatlg |
| 942 ## - ADDED ENTRY ELEMENTS (KOHA) |
| Source of classification or shelving scheme |
Dewey Decimal Classification |
| Koha item type |
Book - Borrowing |